Представление документа в формате RUSMARC

ПолеНазваниеЗначение
  Тип записи a
  Библиографический уровень m
001 Контрольный номер ba5fc4ff3dcb499db1c153e96a518ea8
005 Дата корректировки 20150622130945.7
200 Заглавие и сведения об ответственности 1_
a Заглавие Мир русского девичества 70-90 годы XX века
b Общее обозначение материала Текст
210 Выходные данные 1_
a Место издания М.
c Издательство Ладомир
d Дата издания 2002
215 Физическое описание __
a Объем 343 с.
225 Серия 2_
a Серия Русская потаенная литература
330 Аннотация __
a Аннотация Свод материалов, выявляющий скрытые от глаз взрослых механизмы половой социализации девочек.
606 Тематические рубрики __
a Основная рубрика История. Исторические науки
610 Ключевые слова 0_
a Ключевые слова деторождение
a Ключевые слова девичья дружба
a Ключевые слова половое созревание
a Ключевые слова беременность
a Ключевые слова фольклор
a Ключевые слова этнография
686 Индексы других классификаций __
a Классификационный индекс 63.5
a Классификационный индекс 60.54
a Классификационный индекс 88.37
2 Код системы rubbk
2 Код системы rubbk
2 Код системы rubbk
700 Автор _1
a Фамилия Борисов
b Имя С. Б.
852 Данные о местонахождении __
i Авторский знак Б 825
j Шифр хранения 63.5
938 Служебная информация __
a Название организации Волгоградский филиал
b Имя БД Каталог_ВКИ
c Название АИБС АИБС МАРК-SQL